2023-2024 NFL Depth Charts - Statistics

General Stats
  • This quiz has been taken 40 times
  • The average score is 4 of 9
Answer Stats
Answer % Correct
Josh Allen
97%
James Cook
44%
Stefon Diggs
44%
Kyle Allen
42%
Gabe Davis
39%
Dawson Knox
36%
Dalton Kincaid
33%
Khalil Shakir
33%
Damien Harris
22%
No matching quizzes found
Score Distribution
Percent of People with Each Score
Percentile by Number Answered
Your Score History
You have not taken this quiz